MARC

LEADER 00000nas a2200000 i 4500
001 ssj0023349
003 WaSeSS
005 20200512172242.0
006 m d
007 cr n
008 780407d19752005sa qr p s f0 a0eng
010 |a  78641700  
016 7 |a 014078198  |2 DE-101 
016 7 |a 752616-7  |2 DE-600 
016 7 |a 011775164  |2 Uk 
022 |l 0378-4738  |y 0378-4738 
030 |a WASADV 
035 |a (WaSeSS)ssj0023349 
037 |b P.O. Box 824, 0001 
040 |a DLC  |b eng  |c DLC  |d NSD  |d DLC  |d OCL  |d NST  |d DLC  |d SER  |d NST  |d AIP  |d DLC  |d AIP  |d NST  |d AIP  |d NST  |d OCL  |d OCLCQ  |d CGU  |d DLC  |d AGL  |d OCL  |d CUS  |d LGG  |d OCLCQ  |d DEBBG  |d GBVCP  |d UKMGB  |d OCLCQ  |d OCLCO  |d OCLCQ  |d OCLCF  |d OCLCO  |d OCLCA  |d CUS  |d CAI  |d OCLCQ  |d RDF  |d WaSeSS 
042 |a pcc  |a nsdp 
043 |a f-sa--- 
050 0 0 |a TD201  |b .W345 
050 4 |a QD169.W3  |b W32 
070 0 |a TD319.A35  |b W3 
072 0 |a P200 
082 0 4 |a 628.1 
210 0 |a Water SA 
222 0 |a Water S.A. 
245 0 0 |a Water S.A  |h [electronic resource]. 
246 3 |a Water South Africa 
260 |a [Pretoria] :  |b [Water Research Commission] 
362 0 |a V. 1- Apr. 1975- 
362 1 |a Ceased with v. 13, no. 1 (Jan. 2005). 
506 |a License restrictions may limit access. 
580 |a Issues for Jan. 1998-Jan. 2005 also issued online; later issues only issued online. 
588 |a Latest issue consulted: Vol. 30, no. 1 (Jan. 2004). 
650 0 |a Water-supply  |z South Africa  |v Periodicals. 
650 0 |a Water-supply  |v Periodicals. 
650 0 |a Water resources development  |z South Africa  |v Periodicals. 
650 0 |a Water resources development  |v Periodicals. 
650 6 |a Eau  |x Approvisionnement  |z Afrique du Sud  |x Périodiques. 
650 7 |a Water resources development.  |2 fast  |0 (OCoLC)fst01171955 
650 7 |a Water-supply.  |2 fast  |0 (OCoLC)fst01172350 
651 7 |a South Africa.  |2 fast  |0 (OCoLC)fst01204616 
655 0 |a Electronic journals. 
710 1 |a South Africa.  |b Water Research Commission. 
785 1 0 |t Water S.A. (Online)  |w (OCoLC)53336191 
850 |a AzU  |a CSt  |a CU-A  |a CaAEU  |a CoFS  |a DLC  |a DNAL  |a ICRL  |a ICarbS  |a IaAS  |a InLP  |a MdU  |a MiDW  |a NcRS  |a TxCM  |a TxU 
856 4 0 |z Full text available from Research Library: 01/01/2009 to present  |u https://search.proquest.com/publication/54184